[Event "Kolkata op2"]
[Site "Kolkata"]
[Date "1994.??.??"]
[Round "?"]
[White "Meetei, Anathem B"]
[Black "Babu, N Sudhakar"]
[Result "0-1"]
[WhiteElo "2290"]
[BlackElo "2350"]
[PlyCount "98"]
[EventDate "1994.??.??"]
[EventType "swiss"]
[EventRounds "11"]
[EventCountry "IND"]
[SourceTitle "EXT 1997"]
[Source "ChessBase"]
[SourceDate "1996.11.15"]
[SourceVersion "1"]
[SourceVersionDate "1996.11.15"]
[SourceQuality "1"]

1. e4 e5 2. Nf3 Nc6 3. Bb5 a6 4. Ba4 Nf6 5. 0-0 b5 6. Bb3 Bb7 7. Re1 Bc5 8. c3 d6 9. d4 Bb6 10. a4 h6 11. h3 0-0 12. d5 Ne7 13. Bc2 Qd7 14. a5 Ba7 15. b3 c6 16. c4 cxd5 17. cxd5 Ng6 18. Bd3 Nh5 19. Nh4 Nhf4 20. Nf5 Ne7 21. Nxe7+ Qxe7 22. Bf1 f5 23. Be3 fxe4 24. Bxa7 Rxa7 25. Nc3 Qf7 26. Qd2 Bxd5 27. g3 Nd3 28. Re3 Ba8 29. Nxe4 Bxe4 30. Bxd3 Ba8 31. Rd1 Rd7 32. b4 Kh8 33. h4 Qf6 34. Qb2 Qe6 35. Bf1 Bf3 36. Rdd3 e4 37. Rd2 d5 38. Kh2 Rc7 39. Qd4 Rc1 40. Bg2 Bxg2 41. Kxg2 Rc4 42. Qb6 Qe5 43. Qb7 Rd4 44. Ree2 Rxd2 45. Rxd2 d4 46. Qxa6 e3 47. fxe3 dxe3 48. Re2 Qe4+ 49. Kh2 Rf1 0-1

[Event "Goodricke op 05th"]
[Site "Kolkata"]
[Date "1994.??.??"]
[Round "4"]
[White "Meetei, Anathem B"]
[Black "Kuzmin, Alexey"]
[Result "0-1"]
[WhiteElo "2290"]
[BlackElo "2525"]
[PlyCount "110"]
[EventDate "1994.02.??"]
[EventType "swiss"]
[EventRounds "11"]
[EventCountry "IND"]
[SourceTitle "CBM 039 Extra"]
[Source "ChessBase"]
[SourceDate "1994.05.01"]
[SourceVersion "1"]
[SourceVersionDate "1994.05.01"]
[SourceQuality "1"]

1. Nf3 Nf6 2. g3 g6 3. Bg2 Bg7 4. 0-0 0-0 5. c4 d6 6. Nc3 a6 7. d4 Nc6 8. h3 Rb8 9. Re1 b5 10. cxb5 axb5 11. d5 b4 12. Nb1 Na5 13. Nd4 e5 14. Nb3 Nxb3 15. Qxb3 Nd7 16. Nd2 f5 17. Qc2 Rb5 18. a4 bxa3 19. Rxa3 Rc5 20. Qb3 Nb6 21. e4 Bh6 22. Qd1 fxe4 23. Bxe4 Bxh3 24. b4 Rxc1 25. Qxc1 Bxd2 26. Qxd2 Nc4 27. Qh6 Nxa3 28. Qxh3 Nb5 29. Qg4 Kg7 30. Re3 Nd4 31. Rc3 Rf7 32. Kg2 Qb8 33. Rc1 Qd8 34. Rh1 Qf6 35. f3 Nf5 36. Qh3 Kg8 37. Bxf5 gxf5 38. Qh4 Qg6 39. Qd8+ Kg7 40. Rc1 f4 41. g4 Qf6 42. Qxf6+ Kxf6 43. b5 Kg5 44. Kf2 h6 45. Rc6 Rd7 46. Ke2 e4 47. fxe4 Kxg4 48. Rc1 f3+ 49. Ke3 f2 50. Rf1 Rf7 51. e5 Kg3 52. b6 cxb6 53. exd6 Kg2 54. Rxf2+ Rxf2 55. Ke4 Rf8 0-1

[Event "Goodricke op 05th"]
[Site "Kolkata"]
[Date "1994.??.??"]
[Round "10"]
[White "Meetei, Anathem B"]
[Black "Lodhi, Mahmood"]
[Result "0-1"]
[WhiteElo "2290"]
[BlackElo "2475"]
[PlyCount "121"]
[EventDate "1994.02.??"]
[EventType "swiss"]
[EventRounds "11"]
[EventCountry "IND"]
[SourceTitle "CBM 039 Extra"]
[Source "ChessBase"]
[SourceDate "1994.05.01"]
[SourceVersion "1"]
[SourceVersionDate "1994.05.01"]
[SourceQuality "1"]

1. e4 e5 2. Nf3 Nc6 3. Bb5 a6 4. Ba4 Nf6 5. 0-0 Be7 6. Re1 b5 7. Bb3 d6 8. c3 0-0 9. h3 Na5 10. Bc2 c5 11. d4 Qc7 12. Nbd2 Re8 13. Nf1 h6 14. d5 Bd7 15. b3 Nb7 16. a4 c4 17. b4 a5 18. axb5 axb4 19. b6 Qxb6 20. Be3 Nc5 21. cxb4 Qxb4 22. Rb1 Nb3 23. N3d2 Ba4 24. Ng3 Rab8 25. Nf5 Bf8 26. Nf1 Bd7 27. g4 Nh7 28. Bd2 Qa3 29. Re3 g6 30. Rg3 Qa2 31. Be3 g5 32. Nd2 Nxd2 33. Ra1 Qb2 34. Bxd2 Qb7 35. Rc3 Rec8 36. Ne3 Bb5 37. Qc1 Nf6 38. Rca3 Ra8 39. Bc3 Nd7 40. Rb1 Rxa3 41. Qxa3 Qa6 42. Qb4 Rb8 43. Ra1 Qc8 44. Ra7 Nc5 45. Qa3 Rb7 46. Nf5 Rxa7 47. Qxa7 Bd7 48. Ba5 Bxf5 49. gxf5 Nd3 50. Qb6 Nf4 51. Kh2 Be7 52. Qc6 Qb8 53. Qxc4 Qa7 54. Be1 Kg7 55. Ba4 Bd8 56. Bb5 Bb6 57. Qc2 Qa3 58. Qc3 Qa2 59. Bc4 Qb1 60. f3 Qd1 61. Kg3 0-1

[Event "Goodricke op 04th"]
[Site "Kolkata"]
[Date "1993.??.??"]
[Round "1"]
[White "Kirov, Nino"]
[Black "Meetei, Anathem B"]
[Result "1/2-1/2"]
[WhiteElo "2505"]
[BlackElo "2255"]
[PlyCount "64"]
[EventDate "1993.02.??"]
[EventType "swiss"]
[EventRounds "11"]
[EventCountry "IND"]
[SourceTitle "EXT 1998"]
[Source "ChessBase"]
[SourceDate "1997.11.17"]
[SourceVersion "1"]
[SourceVersionDate "1997.11.17"]
[SourceQuality "1"]

1. c4 e5 2. g3 Nf6 3. Bg2 Nc6 4. Nc3 Bb4 5. Nd5 Bc5 6. e3 0-0 7. Ne2 Re8 8. 0-0 Bf8 9. d3 d6 10. Bd2 Nb8 11. e4 Nbd7 12. h3 c6 13. Ne3 a5 14. Qc2 Nc5 15. b3 Be6 16. f4 Bc8 17. g4 b5 18. Rf2 Bb7 19. Raf1 bxc4 20. bxc4 Ne6 21. Kh1 Rb8 22. Bc3 Qc7 23. f5 Nc5 24. g5 Nfd7 25. Ng3 d5 26. exd5 e4 27. Nxe4 cxd5 28. Nxd5 Bxd5 29. cxd5 Nxe4 30. dxe4 Rbc8 31. Rc1 Qg3 32. Rf3 Qxg5 1/2-1/2

[Event "Olympiad-27"]
[Site "Dubai"]
[Date "1986.11.27"]
[Round "11"]
[White "Vallifuoco, Giacomo"]
[Black "Meetei, Anathem B"]
[Result "1-0"]
[WhiteElo "2285"]
[BlackElo "2340"]
[PlyCount "57"]
[EventDate "1986.11.15"]
[EventType "team-swiss"]
[EventRounds "14"]
[EventCountry "UAE"]
[SourceTitle "TD"]
[Source "ChessBase"]
[SourceDate "1994.03.01"]
[SourceVersion "1"]
[SourceVersionDate "1994.03.01"]
[SourceQuality "1"]
[WhiteTeam "Italy"]
[BlackTeam "India"]
[WhiteTeamCountry "ITA"]
[BlackTeamCountry "IND"]

1. d4 d5 2. Nf3 Nf6 3. c4 c6 4. Nc3 g6 5. e3 Bg7 6. Bd3 0-0 7. 0-0 Na6 8. b3 c5 9. Bb2 cxd4 10. exd4 Nb4 11. Be2 Nc6 12. h3 b6 13. Ne5 Bb7 14. Bf3 Na5 15. b4 Nc6 16. Nxd5 Nxd5 17. Bxd5 Nxe5 18. dxe5 Bxd5 19. cxd5 Rc8 20. Qd3 Qd7 21. Rac1 Rxc1 22. Rxc1 Rd8 23. Rd1 Qa4 24. a3 Rc8 25. Rd2 Bh6 26. Re2 a5 27. e6 fxe6 28. Qd4 e5 29. Qxe5 1-0

[Event "Bhilwara"]
[Site "New Delhi"]
[Date "1986.??.??"]
[Round "?"]
[White "Makarichev, Sergey"]
[Black "Meetei, Anathem B"]
[Result "1-0"]
[WhiteElo "2495"]
[BlackElo "2320"]
[PlyCount "69"]
[EventDate "1986.??.??"]
[EventType "tourn"]
[EventRounds "11"]
[EventCountry "IND"]
[EventCategory "7"]
[SourceTitle "EXT 1999"]
[Source "ChessBase"]
[SourceDate "1998.11.16"]
[SourceVersion "1"]
[SourceVersionDate "1998.11.16"]
[SourceQuality "1"]

1. e4 e5 2. Nf3 Nc6 3. Bc4 Be7 4. 0-0 Nf6 5. d3 0-0 6. c3 d6 7. Bb3 h6 8. h3 Re8 9. Re1 Bf8 10. Nbd2 Ne7 11. Nf1 Ng6 12. Ng3 c6 13. d4 Qc7 14. Qd3 Bd7 15. Bd2 Rad8 16. Rad1 Bc8 17. Qb1 Ne7 18. Be3 g5 19. h4 g4 20. Nh2 Ng6 21. Qc1 Nxh4 22. Bxh6 Nh7 23. Bxf8 Rxf8 24. Qh6 Qe7 25. Nh5 Qg5 26. Qxg5+ Nxg5 27. Nxg4 Bxg4 28. Nf6+ Kg7 29. Nxg4 f6 30. Re3 Ng6 31. dxe5 dxe5 32. Red3 Rxd3 33. Rxd3 Re8 34. f3 Ne6 35. Rd7+ 1-0

[Event "Bhilwara"]
[Site "New Delhi"]
[Date "1986.??.??"]
[Round "?"]
[White "Meetei, Anathem B"]
[Black "Barua, Dibyendu"]
[Result "0-1"]
[WhiteElo "2320"]
[BlackElo "2395"]
[PlyCount "56"]
[EventDate "1986.??.??"]
[EventType "tourn"]
[EventRounds "11"]
[EventCountry "IND"]
[EventCategory "7"]
[SourceTitle "EXT 1999"]
[Source "ChessBase"]
[SourceDate "1998.11.16"]
[SourceVersion "1"]
[SourceVersionDate "1998.11.16"]
[SourceQuality "1"]

1. Nf3 d5 2. g3 Nf6 3. Bg2 g6 4. 0-0 Bg7 5. d4 0-0 6. c4 dxc4 7. Qa4 c6 8. Qxc4 Nbd7 9. Nc3 Nb6 10. Qd3 Nfd5 11. Rd1 Nb4 12. Qb1 a5 13. a3 N4d5 14. h3 Nc4 15. Na4 b5 16. Nc5 a4 17. Qc2 Re8 18. Kh2 Qc7 19. e4 Ndb6 20. Nd3 Nd7 21. Bf4 Qa7 22. Rac1 Bb7 23. Qe2 Rad8 24. Bc7 Rc8 25. Bf4 e6 26. e5 c5 27. dxc5 Nxc5 28. Nxc5 Qxc5 0-1

[Event "Bhilwara"]
[Site "New Delhi"]
[Date "1986.??.??"]
[Round "?"]
[White "Meetei, Anathem B"]
[Black "Donchev, Dimitar I"]
[Result "0-1"]
[WhiteElo "2320"]
[BlackElo "2440"]
[PlyCount "74"]
[EventDate "1986.??.??"]
[EventType "tourn"]
[EventRounds "11"]
[EventCountry "IND"]
[EventCategory "7"]
[SourceTitle "EXT 1999"]
[Source "ChessBase"]
[SourceDate "1998.11.16"]
[SourceVersion "1"]
[SourceVersionDate "1998.11.16"]
[SourceQuality "1"]

1. e4 c5 2. Nf3 e6 3. d4 cxd4 4. Nxd4 Nf6 5. Bd3 Nc6 6. Nxc6 bxc6 7. c4 d5 8. Nc3 d4 9. Ne2 Bb4+ 10. Kf1 0-0 11. h3 e5 12. g4 Be7 13. Ng3 Ne8 14. Kg2 c5 15. Bd2 Bg5 16. Be1 Nc7 17. Ba5 Qd7 18. h4 Bd8 19. Nf5 Ne6 20. Bd2 Bb7 21. g5 Nf4+ 22. Bxf4 Qxf5 23. Bg3 Bxe4+ 24. Bxe4 Qxe4+ 25. Qf3 Qxf3+ 26. Kxf3 Re8 27. Rae1 f6 28. gxf6 gxf6 29. Ke4 Kf7 30. Re2 Ke6 31. Kd3 Rg8 32. Rh3 Bc7 33. f4 Rg4 34. fxe5 fxe5 35. Bf2 Rf8 36. Be1 Rf1 37. h5 e4+ 0-1

[Event "Kolkata"]
[Site "Kolkata"]
[Date "1986.??.??"]
[Round "?"]
[White "Meetei, Anathem B"]
[Black "Jansa, Vlastimil"]
[Result "1-0"]
[WhiteElo "2320"]
[BlackElo "2485"]
[PlyCount "111"]
[EventDate "1986.02.??"]
[EventType "tourn"]
[EventRounds "13"]
[EventCountry "IND"]
[EventCategory "8"]
[SourceTitle "TD"]
[Source "ChessBase"]
[SourceDate "1994.03.01"]
[SourceVersion "1"]
[SourceVersionDate "1994.03.01"]
[SourceQuality "1"]

1. e4 c5 2. Nf3 e6 3. d4 cxd4 4. Nxd4 Nc6 5. c4 Nf6 6. Nc3 d6 7. Ndb5 a6 8. Nd4 Be7 9. Be2 0-0 10. 0-0 Bd7 11. Be3 Qb8 12. Nb3 b6 13. Nd2 Ra7 14. a3 Rc8 15. Rc1 Rb7 16. b4 b5 17. Nb3 bxc4 18. Bxc4 Nxb4 19. Na5 Rbc7 20. Rb1 Rxc4 21. Nxc4 Rxc4 22. Rxb4 Rxb4 23. axb4 Qxb4 24. Qd4 Qa5 25. Rb1 h6 26. h3 Ne8 27. Qa7 Nf6 28. Bd4 e5 29. Nd5 Nxd5 30. Qxd7 exd4 31. exd5 Bf8 32. Qe8 Qc7 33. Qc6 Qe7 34. Qxa6 g6 35. Qc8 Kh7 36. Qb7 Qf6 37. Rb3 Bg7 38. Rf3 Qe5 39. Qxf7 h5 40. Qe6 Qg5 41. Rg3 Qc1+ 42. Kh2 Qc2 43. f4 Bh6 44. Qf7+ Bg7 45. Ra3 Qf2 46. Rd3 Kh6 47. Qe6 Qc2 48. Qe4 h4 49. Rxd4 Qb2 50. Rd1 Qf2 51. Rd3 Bf6 52. Rf3 Qc5 53. g4 Bg7 54. Kg2 Bd4 55. g5+ Kh7 56. f5 1-0

[Event "Kolkata"]
[Site "Kolkata"]
[Date "1986.??.??"]
[Round "?"]
[White "Meetei, Anathem B"]
[Black "Murshed, Niaz"]
[Result "0-1"]
[WhiteElo "2320"]
[BlackElo "2415"]
[PlyCount "72"]
[EventDate "1986.02.??"]
[EventType "tourn"]
[EventRounds "13"]
[EventCountry "IND"]
[EventCategory "8"]
[SourceTitle "TD"]
[Source "ChessBase"]
[SourceDate "1994.03.01"]
[SourceVersion "1"]
[SourceVersionDate "1994.03.01"]
[SourceQuality "1"]

1. e4 c5 2. Nf3 Nc6 3. d4 cxd4 4. Nxd4 e6 5. Nc3 d6 6. Be2 Nf6 7. Be3 Be7 8. g4 d5 9. Bb5 Bd7 10. exd5 Nxd5 11. Nxd5 exd5 12. Qf3 0-0 13. Bxc6 bxc6 14. Nb3 Qc8 15. Rg1 Qa6 16. a3 Rab8 17. Qe2 Qb7 18. Qd2 Rfe8 19. 0-0-0 Be6 20. Qc3 c5 21. Nxc5 Qc6 22. Bd4 Rec8 23. Nxe6 Qxe6 24. Qe3 Qc6 25. Rd2 Rb7 26. Re1 h6 27. f4 Bd6 28. Qf2 Qa4 29. Qf3 Rcb8 30. g5 Bxa3 31. Rde2 Bb4 32. c3 Bf8 33. Qxd5 Rxb2 34. Rxb2 Qa1+ 35. Kc2 Rxb2+ 36. Kd3 Qxe1 0-1

[Event "Kolkata"]
[Site "Kolkata"]
[Date "1986.??.??"]
[Round "?"]
[White "Meetei, Anathem B"]
[Black "Razuvaev, Yuri S"]
[Result "1/2-1/2"]
[WhiteElo "2320"]
[BlackElo "2525"]
[PlyCount "115"]
[EventDate "1986.02.??"]
[EventType "tourn"]
[EventRounds "13"]
[EventCountry "IND"]
[EventCategory "8"]
[SourceTitle "TD"]
[Source "ChessBase"]
[SourceDate "1994.03.01"]
[SourceVersion "1"]
[SourceVersionDate "1994.03.01"]
[SourceQuality "1"]

1. e4 c5 2. Nf3 d6 3. d4 cxd4 4. Nxd4 Nf6 5. Nc3 a6 6. Be2 e6 7. 0-0 Be7 8. Be3 Qc7 9. f4 0-0 10. a4 Nc6 11. Kh1 Re8 12. Qe1 Nxd4 13. Bxd4 e5 14. fxe5 dxe5 15. Qg3 Bd8 16. Be3 Kh8 17. a5 Be6 18. Bd3 Qe7 19. Qxe5 Ng4 20. Qg3 Nxe3 21. Qxe3 Rc8 22. Qf3 Qb4 23. Nd5 Qxb2 24. Rab1 Qe5 25. Rxb7 Bxa5 26. Qf4 Qd4 27. Ne7 Rc5 28. Rb8 Rd8 29. Nd5 Rxb8 30. Qxb8+ Rc8 31. Qb7 Qc5 32. Qxa6 h6 33. Ra1 Rb8 34. h3 Bd2 35. Qc4 Qf2 36. Rf1 Qh4 37. Qc7 Rc8 38. Qe5 Qg5 39. Qxg5 hxg5 40. Rd1 Ba5 41. Ra1 Rc5 42. Rb1 g6 43. Rb7 Kg7 44. c4 Be1 45. g4 Ra5 46. Rb1 Bf2 47. Bf1 Bd4 48. Rd1 Bc5 49. Rd2 Ra1 50. Kg2 Ra3 51. e5 Ra1 52. Nc7 Bc8 53. Ne8+ Kh6 54. Nd6 Be6 55. Ne4 Be3 56. Re2 Bf4 57. Nd6 Ra5 58. Nb7 1/2-1/2

[Event "Kolkata"]
[Site "Kolkata"]
[Date "1986.??.??"]
[Round "?"]
[White "Tseshkovsky, Vitaly"]
[Black "Meetei, Anathem B"]
[Result "1-0"]
[WhiteElo "2455"]
[BlackElo "2320"]
[PlyCount "57"]
[EventDate "1986.02.??"]
[EventType "tourn"]
[EventRounds "13"]
[EventCountry "IND"]
[EventCategory "8"]
[SourceTitle "TD"]
[Source "ChessBase"]
[SourceDate "1994.03.01"]
[SourceVersion "1"]
[SourceVersionDate "1994.03.01"]
[SourceQuality "1"]

1. e4 e5 2. Nf3 Nc6 3. Bb5 f5 4. Nc3 fxe4 5. Nxe4 d5 6. Ng3 Bd6 7. Nxe5 Qe7 8. d4 Bxe5 9. Bxc6+ Kf8 10. 0-0 bxc6 11. Re1 Qf7 12. Rxe5 Bd7 13. b3 g6 14. Re3 h6 15. Rf3 Nf6 16. h3 Kg7 17. Bf4 Qe7 18. Qe1 Qxe1+ 19. Rxe1 Rae8 20. Be5 Rhf8 21. Ree3 Rf7 22. Rf4 Re6 23. Ref3 Be8 24. Kf1 a6 25. a3 a5 26. a4 Rf8 27. Bxc7 g5 28. Rf5 Bg6 29. Re5 1-0

[Event "Bhilwara"]
[Site "New Delhi"]
[Date "1986.??.??"]
[Round "?"]
[White "Tukmakov, Vladimir B"]
[Black "Meetei, Anathem B"]
[Result "1-0"]
[WhiteElo "2570"]
[BlackElo "2320"]
[PlyCount "65"]
[EventDate "1986.??.??"]
[EventType "tourn"]
[EventRounds "11"]
[EventCountry "IND"]
[EventCategory "7"]
[SourceTitle "EXT 1999"]
[Source "ChessBase"]
[SourceDate "1998.11.16"]
[SourceVersion "1"]
[SourceVersionDate "1998.11.16"]
[SourceQuality "1"]

1. d4 Nf6 2. c4 e6 3. g3 c5 4. Nf3 cxd4 5. Nxd4 Nc6 6. Bg2 Bc5 7. Nb3 Bb4+ 8. Bd2 d5 9. cxd5 Nxd5 10. 0-0 0-0 11. Bxb4 Ndxb4 12. Qxd8 Rxd8 13. Nc3 e5 14. Nc5 Rb8 15. Rad1 Nd4 16. e3 Ne6 17. Rxd8+ Nxd8 18. Rd1 Nbc6 19. Nd7 Bxd7 20. Rxd7 Kf8 21. Nb5 a6 22. Nd6 f6 23. Nxb7 Nxb7 24. Bxc6 Nc5 25. Rd5 Ne6 26. b3 Rb6 27. Ba4 g5 28. g4 h5 29. gxh5 Kg7 30. Be8 Kh6 31. h3 Ng7 32. Bg6 Nxh5 33. Bd3 1-0

[Event "Asia-chT fin 06th"]
[Site "Dubai"]
[Date "1986.??.??"]
[Round "8"]
[White "Wijesurija, G Laxman"]
[Black "Meetei, Anathem B"]
[Result "0-1"]
[WhiteElo "2250"]
[BlackElo "2320"]
[PlyCount "84"]
[EventDate "1986.01.??"]
[EventType "team"]
[EventRounds "9"]
[EventCountry "UAE"]
[SourceTitle "EXT 2008"]
[Source "ChessBase"]
[SourceDate "2007.11.25"]
[SourceVersion "1"]
[SourceVersionDate "2007.11.25"]
[SourceQuality "1"]
[WhiteTeam "Sri Lanka"]
[BlackTeam "India"]
[WhiteTeamCountry "SRI"]
[BlackTeamCountry "IND"]

1. e4 c5 2. Nf3 Nc6 3. d4 cxd4 4. Nxd4 Nf6 5. Nc3 e5 6. Ndb5 d6 7. Bg5 a6 8. Bxf6 gxf6 9. Na3 Be6 10. Nd5 Qa5+ 11. c3 Bxd5 12. Qxd5 Qxd5 13. exd5 Ne7 14. c4 Bh6 15. Bd3 f5 16. 0-0 Rc8 17. Rfd1 0-0 18. Rab1 Rfd8 19. b4 Kg7 20. b5 a5 21. b6 Rc5 22. Rb5 Rxb5 23. Nxb5 Kf6 24. Be2 Nc8 25. Nxd6 Nxd6 26. c5 Ne4 27. c6 Nd6 28. c7 Ra8 29. Bb5 Ke7 30. Bc6 e4 31. Rb1 Rg8 32. Rb2 Bg7 33. Rc2 Rc8 34. Rd2 Bc3 35. Rd1 f4 36. Kf1 h5 37. a4 h4 38. Ke2 h3 39. gxh3 f3+ 40. Ke3 f5 41. Rb1 Nc4+ 42. Kf4 Kf6 0-1